Back 4 Blood Quiz - Statistics

General Stats
  • This quiz has been taken 18 times
  • The average score is 24 of 30
Answer Stats
Hint Answer % Correct
Which Game Is Back 4 Blood The Spiritual Successor To? Extra clue: The answer contains characters such as Bill, Francis, Nick, Ellis, Coach, Rochelle, Zoey and Louis. Left 4 Dead
100%
One Of The Characters Who You Can Play As. Clue: She Wields A Baseball Bat With Nails At The Beginning Of Act 1. Holly
93%
The Final Boss Of The Game Which Takes Place Via 3 Phases. Begins With A And Is The Same Name As The Boss Which Appears In The Cold War Zombies Forsaken Map. Abomination
87%
Another Of The Characters Who You Can Play As. Clue: She Is Referred To As The Healer. Doc
87%
The Special Infected Which Is Fat And Charges Towards Your Team And Explodes. Its Weak Spot Is Its Chest. Starts With E. Exploder
87%
A Different Variant Of The Above. This Special Infected Pins You In Place And One Of Your Team Needs To Press The Right Stick To Free Yourself. Starts With H. Hocker
87%
Another Of The Characters Who You Can Play As. Clue: He Wears Glasses And Often Refers To Himself As HR. Hoffman
87%
Another Of The Characters Who You Can Play As. Clue: She Can Sense Hazards And Wields A Tec-9 SMG In Her Starting Loadout. Karlee
87%
Another Of The Characters Who You Can Play As. Clue: She Can Revive A Character Instantaneously And One Of Her Starting Weapons Is The Belgian. Mom
87%
The Easiest Difficulty In The Game. Begins With R. Recruit
87%
One Of The Special Infected That Jumps Around And Spits Projectiles At You. Not Fat. Stinger
87%
The Special Infected That Has A Mutated Arm. This One Starts With A T. Clue: -allboy Tallboy
87%
Another Of The Characters Who You Can Play As. Clue: He Is Referred To As A Soldier And Adds An Additional 10% Of Health To All Characters. Walker
87%
How Many Acts Do You Complete In Back 4 Blood? 4
80%
Another Of Special Infected That Can Be A Boss Fight. Clue: You Have Broken Something. Breaker
80%
Another Variant Of The -allboy. This One Begins With C. Extra Clue: Machines May Do This In Factories. Crusher
80%
Another Of The Special Infected That Can Be A Boss Fight. Extra Clue: Another Word For A Witch. Hag
80%
Another Of The Characters Who You Can Play As. Clue: He Is Skilled With Rifles And Has A Perk Where His Damage Potential Is Increased Each Time You Land A Headshot. Jim
80%
One Of The Special Infected Bosses In The Game. He Appears In Act 1. Clue: The type of creature that Shrek is. Ogre.
80%
The Fat Special Infected That Has A Red Weak Spot On Its Head And Spits Acid. Begins With R. Retch
80%
The Enemies Of The Game Ridden
80%
The Second Hardest Difficulty In The Game. Begins With V. Veteran
80%
What Is The Item That You Need To Bypass A Security Scanner In Act 2? Clue: An NPC's Arm. Bob's Arm
73%
Another Of The Characters Who You Can Play As. Clue: He Has An Afro Hairstyle. Evangelo
73%
The Hardest Difficulty In The Game. Begins With N And Can Be Thought Of As A Bad Dream. Nightmare
73%
The Special Infected That Can Call A Horde If You Are Covered In Its Guts. Starts With R. Reeker
73%
Another Of The Special Infected That Are Found On Walls. Clue: Sleep. Sleepers
73%
Another Variant Of The Above. This One Begins With B. Bruiser
67%
The Currency That You Earn In This Game So You Can Buy More Cards Via Supply Lines. Supply Points.
67%
What Is The Name Of The Character Skin That You Unlock By Completing All Acts On The Above Difficulty With A Specific Character? Begins With Z. Zwat
53%
No matching quizzes found
Score Distribution
Percent of People with Each Score
Percentile by Number Answered
Your Score History
You have not taken this quiz